000 01124nam a2200313 i 4500
001 196920
003 ES-MaACL
005 20250804062716.0
008 250206b2024 sp ||||| |||| 00| 0 spa d
017 _aB 23061-2024
_bOficina Depósito Legal Barcelona
020 _a9788411003209
040 _bspa
_cES-MaACL
100 1 _aHameida, Ebbaba
_9239610
_eaut
245 1 _aFlores de papel /
_cEbbaba Hameida
250 _aPrimera edición: enero 2025
260 _aBarcelona :
_bEdiciones Península,
_c2025.
264 _c©2024.
300 _a274 páginas ;
_c22 cm
336 _2rdacontent
_atexto
337 _2rdamedia
_asin mediación
338 _2rdacarrier
_avolumen
655 0 _aNovelas
_9234319
852 _aES-MaACL
_cDEPOJ
_jN-10294
_gDedicatoria autógrafa de la autora
_hDonación: Ebbaba Hameida
_xEncuadernación rústica con solapas
_9206416
903 _9239610
_aHameida, Ebbaba
_ednr
942 _cMONOGRAFIA
_n0
999 _c196920
_d196920